000 00480nam a2200157 4500
001 109700
003 ES-MaACL
005 20230906184906.0
007 t|
008 061121s1923 fr r ||||1| fre d
100 1 _aOmbrédanne, Louis.
_987036
245 1 0 _aPrécis clinique et opératoire de chirurgie infantile /
_cpar Louis Ombrédanne.
260 _aParís :
_b[s.n.],
_c1923 (
_fCoulommiers. Paul Brodard)
300 _aXVI, 1139 p. ;
_c20 cm.
852 _aES-MaACL
_jB-9054
999 _c109700
_d109700